Pokémon Trainers - Statistics

General Stats
  • This quiz has been taken 24 times
  • The average score is 3 of 14
Answer Stats
Hint Answer % Correct
Team Flare's Head Scientis Xerosic
60%
Natural Harmonia Gropius N
55%
Blue's Older Sister Daisy
40%
Younger sister got her Purrloin Stolen Hugh
30%
Alder's Grandson Benga
25%
Invented the Pokéball Kurt
25%
HP Stat Trainer Cheryl
20%
Lana's Sisters Harper and Sarah
15%
Lisia's rival with a Machoke Chaz
10%
Sinnoh coordinator with a Kangaskhan Johanna
10%
Owner of the Kanto/Johto Safari Zone Baoba
5%
Gives Eevium Z in SM Kagetora
5%
Gives berries in Sootopolis City Kiri
5%
In the House of Memories in HGSS Mr.Fuji
0%
No matching quizzes found
Score Distribution
Percent of People with Each Score
Percentile by Number Answered
Your Score History
You have not taken this quiz